000 00523nam a2200145 a 4500
001 000028084
005 20200930031333.0
008 110406s2014 dr a r 000 spa d
040 _aDO-SdBNP
_bspa
_cBNPHU
111 2 _aConferencia Internacional de las Américas
_n(27 al 31 de octubre
_d2013
_cPunta Cana, República Dominicana)
_955101
245 0 0 _aConferencia internacional de las americas 2013.
260 _aSanto Domingo :, :
_bFUNGLODE,
_c[2014].
300 _a73 p. :
_bil ;
_c29 cm.
590 _aInventariado, 2020 / DG
999 _c27576
_d27576